Słowa zakończone na -bieg. - Statystyki

Ogólne statystyki
  • Ten quiz został rozwiązany 409 razy
  • Średni wynik to 6 z 20
Statystyki odpowiedzi
Odpowiedź % Poprawnych
1. Bieg
71%
19. Zabieg
66%
18. Wybieg
62%
10. Obieg
59%
16. Rozbieg
55%
20. Zbieg
54%
2. Dobieg
44%
14. Przebieg
39%
12. Podbieg
31%
11. Odbieg
25%
9. Nadbieg
18%
7. Marszobieg
13%
15. Przedbieg
12%
5. Krwiobieg
11%
13. Półbieg
8%
3. Dwubieg
6%
4. Kołobieg
6%
17. Termoobieg
4%
6. Lebieg
3%
8. Międzybieg
2%
Nie znaleziono quizów pasujących do podanych kryteriów
Rozkład punktacji
Procent ludzi z każdym wynikiem
Percentyl według liczby udzielonych odpowiedzi
Twoja historia wyników
Nie rozwiązałeś tego quizu